DARK INVASION 1915:GERMANY'S SEDRET WAR AGAINST AMERICA / (Record no. 616185)

000 -LEADER
fixed length control field 00362nam a22001337a 4500
020 ## - INTERNATIONAL STANDARD BOOK NUMBER
Qualifying information PB.
040 ## - CATALOGING SOURCE
Transcribing agency FIZZA ISHAQ
082 ## - DEWEY DECIMAL CLASSIFICATION NUMBER
Classification number 940.48
Author Mark HOW
100 ## - MAIN ENTRY--PERSONAL NAME
Personal name BLUM,HOWARD.
9 (RLIN) 133164
245 ## - TITLE STATEMENT
Title DARK INVASION 1915:GERMANY'S SEDRET WAR AGAINST AMERICA /
Statement of responsibility, etc. HOWARD BLUM.
260 ## - PUBLICATION, DISTRIBUTION, ETC.
Place of publication, distribution, etc. NEW YORK ;
Name of publisher, distributor, etc. HERPER ,
Date of publication, distribution, etc. 2014.
300 ## - PHYSICAL DESCRIPTION
Extent 453 P. ;
Dimensions 8.9X5.9IN
942 ## - ADDED ENTRY ELEMENTS (KOHA)
Source of classification or shelving scheme
Koha item type Book
Holdings
Withdrawn status Lost status Source of classification or shelving scheme Damaged status Not for loan Permanent Location Current Location Shelving location Date acquired Total Checkouts Full call number Barcode Date last seen Price effective from Koha item type
          NUST Baluchistan Campus (NBC) NUST Baluchistan Campus (NBC) General Stacks 02/12/2026   940.48 HOW QD-930 02/12/2026 02/12/2026 Book
© 2023 Central Library, National University of Sciences and Technology. All Rights Reserved.